| 000 | 00650nam a2200193Ia 4500 | ||
|---|---|---|---|
| 003 | GCL | ||
| 008 | 140319s9999 xx 000 0 ara d | ||
| 040 |
_aGCL / _cGCL |
||
| 082 | 0 | 4 |
_a641.7 _bع م |
| 100 | 1 | _aعفاف الشيخ | |
| 245 | 1 | 0 |
_aالمطبخ الشرقى: مئتان وخمسة وخمسون صنفا من المأكل وسبعة وسبعون صنفا من الحلويات / _cعفاف الشيخ |
| 260 |
_a[S.N] : _bالاهلية للنشر والتوزيع ، _c1992 |
||
| 300 | _a286 ص | ||
| 490 | _a | ||
| 650 | 0 | 4 | _aالاقتصاد المنزلى |
| 650 | 0 | 4 | _aالتغذية |
| 650 | 0 | 4 | _aالطهى |
| 942 |
_2ddc _cBK |
||
| 999 |
_c54047 _d54047 |
||